000
00311nam a22001337a 4500
008
170324b xxu||||| |||| 00| 0 eng d
020
_a
44638
041
_a
eng
080
_a
615.83
100
_a
8
101
_a
SHM
245
_a
TOWARD A NEW CURRICULUM IN PHYSICAL EDUCATION
_c
MACKENZIE, M.M
942
_2
udc
_c
BK
999
_c
8618
_d
8618